000 00305nam a2200109Ia 4500
008 211028s2011 xx 000 0 und d
041 _aeng
100 _aVikhyath, P; Aravind.
_g91937
_98324
110 _aAravind
_98325
245 _aEnterprise planning for vanity fair corp ltd.
260 _aMangalore
_c2011
999 _c219831
_d219831